Realismus v mezinárodních vztazích a mezinárodní politické ekonomii

Gespeichert in:
Bibliographische Detailangaben
1. Verfasser: Guzzini, Stefano
Format: Buch
Sprache:Tschechisch
Veröffentlicht: Brno Barrister & Principal 2004
Schriftenreihe:Studium
Schlagworte:
Tags: Tag hinzufügen
Keine Tags, Fügen Sie das erste Tag hinzu!

MARC

LEADER 00000nam$a2200000$$$4500
001 0019809
005 20221207102746.9
020 |a 80-85947-84-6 
041 0 |a cze 
044 |a CZ 
245 1 0 |a Realismus v mezinárodních vztazích a mezinárodní politické ekonomii  |c Stefano Guzzini 
264 1 |a Brno  |b Barrister & Principal  |c 2004 
300 |a 299 s. 
490 1 |a Studium 
830 0 |a Studium 
610 2 0 |a vzťahy politické medzinárodné 
610 2 0 |a ekonómia politická 
610 2 0 |a vzťahy hospodárske medzinárodné 
610 2 0 |a politika medzinárodná 
610 2 0 |a politika zahraničná 
610 2 0 |a história 
610 2 0 |a teórie politické 
610 2 0 |a kríza politická 
100 1 |a Guzzini, Stefano